000
00277nam a2200133Ia 4500
100
_a
Aho/ Ullman
942
_c
BK
654
_a
computer
245
_a
principles of compiler design
260
_b
S.Chand
_a
New Delhi
_c
1991
082
_a
532
546
_a
ENGLISH
999
_c
25317
_d
25317